| 000 | 00917nas a2200289 4500 | ||
|---|---|---|---|
| 001 | BR2010003390 | ||
| 003 | BR-BrBNA | ||
| 005 | 20231205114141.0 | ||
| 007 | ta | ||
| 008 | 230509b bl.|||p| |||| 00| 00por d | ||
| 040 |
_aBR-BrBNA _bpor _cBiblioteca Nacional de Agricultura |
||
| 041 | _a(Pt) | ||
| 072 | _aF04; F06 | ||
| 100 | 1 | _aPegoraro, R.F. | |
| 100 | 1 | _aSilva, I.R. da | |
| 100 | 1 | _aNovais, R.F. de | |
| 100 | 1 | _aBarros, N.F. de | |
| 100 | 1 | _aFonseca, S. | |
| 245 | 1 | _aEstoques de carbono e nitrogênio em frações da matéria orgânica de solos cultivados com eucalipto nos sistemas convencional e fertirrigado | |
| 650 | _aEUCALIPTO | ||
| 650 | _aFERTIRRIGAÇÃO | ||
| 650 | _aMATÉRIA ORGÂNICA | ||
| 650 | _aSOLO | ||
| 773 | 0 |
_tCiência Rural (Brazil) _xISSN 0103-8478 _g(Feb 2010), v. 40(2) p. 302-309 _wBR2010003390 |
|
| 909 |
_a202311 _bLúcia _c55 _dLúcia Elande |
||
| 942 |
_2AGRIS _n0 _cANA |
||
| 999 |
_c207308 _d207308 |
||